书目信息 |
| 题名: |
王自健的魅力脱口秀
|
|
| 作者: | 张笑恒 著 | |
| 分册: | ||
| 出版信息: | 南京 江苏人民出版社 2018.05 |
|
| 页数: | 240页 | |
| 开本: | 24cm | |
| 丛书名: | ||
| 单 册: | ||
| 中图分类: | H019-49 , H019 | |
| 科图分类: | ||
| 主题词: | 幽默(美学)--口才学--通俗读物 | |
| 电子资源: | ||
| ISBN: | 978-7-214-21376-1 | |
| 000 | 00823nam0 2200229 450 | |
| 001 | 4760 | |
| 005 | 20181013084132.05 | |
| 010 | @a978-7-214-21376-1@dCNY45.00 | |
| 100 | @a20180819d2018 em y0chiy50 ea | |
| 101 | 0 | @achi |
| 102 | @aCN@b320000 | |
| 105 | @ay z 000yy | |
| 200 | 1 | @a王自健的魅力脱口秀@9wang zi jian de mei li tuo kou xiu@f张笑恒著 |
| 210 | @a南京@c江苏人民出版社@d2018.05 | |
| 215 | @a240页@d24cm | |
| 330 | @a本书详解王自健的脱口秀之道,从方方面面分析王自健的特点,进而提炼出语言精华,让读者能够从王自健身上学到关于说话的技巧和心得,透过分析王自健以及其他名人的案例来展现语言这门艺术,谈谈语言的魅力。 | |
| 606 | 0 | @a幽默(美学)@x口才学@j通俗读物 |
| 690 | @aH019-49@v5 | |
| 690 | @aH019@v4 | |
| 701 | 0 | @a张笑恒@9zhang xiao heng@4著 |
| 801 | 0 | @aCN@b91MARC@c20180819 |
| 905 | @aMuseLib@dH019@e358 | |
| 王自健的魅力脱口秀/张笑恒著.-南京:江苏人民出版社,2018.05 |
| 240页;24cm |
| ISBN 978-7-214-21376-1:CNY45.00 |
| 本书详解王自健的脱口秀之道,从方方面面分析王自健的特点,进而提炼出语言精华,让读者能够从王自健身上学到关于说话的技巧和心得,透过分析王自健以及其他名人的案例来展现语言这门艺术,谈谈语言的魅力。 |
| ● |
| 相关链接 |
|
|
|
|
正题名:王自健的魅力脱口秀
索取号:H019/358
 
预约/预借
| 序号 | 登录号 | 条形码 | 馆藏地/架位号 | 状态 | 备注 |
| 1 | 1126519 | 211265192 | 第二样本阅览室/ [索取号:H019/358] | 在馆 | |
| 2 | 1126520 | 211265209 | 第四借阅区/ [索取号:H019/358] | 在馆 | |
| 3 | 1126521 | 211265218 | 第四借阅区/ [索取号:H019/358] | 在馆 | |
| 4 | 1126522 | 211265227 | 密集书库-文学院/ [索取号:H019/358] | 在馆 | |
| 5 | 1126523 | 211265236 | 第四借阅区/ [索取号:H019/358] | 在馆 |